000 00460nam a22001457a 4500
999 _c13147
_d13147
008 190207b ||||| |||| 00| 0 eng d
020 _a9712705838
082 _21996
_aDFil 899.2104
_bQ3
100 _aQuezon, Manuel L., III
_936789
245 _aPolitical murder 1/
_cManuel L. Quezon III
260 _aPasig City:
_bAnvil Publishing, Inc.,
_c©1996
300 _aviii, page 64-66;
_c23 cm.
650 _aPhilippine essays (English).
_936790
942 _2ddc
_cDFIL